Southville International School and Colleges
Your cart is empty.
  • Cart
  • Lists
    Public lists Eva Luna New books Lux_list list_1
    Your lists Log in to create your own lists
  • Log in to your account
  • Your cookies
  • Search history
Southville International School and Colleges
  • Advanced search
  • Recent comments
  • Most popular
  • Libraries

Log in to your account

Log in with GOOGLE


If you do not have an external account, but do have a local account, you can still log in:

  1. Home
  2. MARC view: Modern recording techniques :
Normal view MARC view ISBD view

Modern recording techniques : (Record no. 366577)

[ view plain ]
MARC details
000 -LEADER
fixed length control field 02032nam a22002537a 4500
003 - CONTROL NUMBER IDENTIFIER
control field 0
005 - DATE AND TIME OF LATEST TRANSACTION
control field 20241017142847.0
008 - FIXED-LENGTH DATA ELEMENTS--GENERAL INFORMATION
fixed length control field 241017b xxu||||| |||| 00| 0 eng d
020 ## - INTERNATIONAL STANDARD BOOK NUMBER
International Standard Book Number 9781032197159
050 ## - LIBRARY OF CONGRESS CALL NUMBER
Classification number TK 881.4
Item number .H83 2024
100 ## - MAIN ENTRY--PERSONAL NAME
Personal name Huber, David Miles,
Relator term author.
245 ## - TITLE STATEMENT
Title Modern recording techniques :
Remainder of title a practical guide to modern music production /
Statement of responsibility, etc David Miles Huber, Emiliano Caballero, Robert E. Runstein.
250 ## - EDITION STATEMENT
Edition statement 10th ed.
260 ## - PUBLICATION, DISTRIBUTION, ETC. (IMPRINT)
Place of publication, distribution, etc New York, NY :
Name of publisher, distributor, etc Routledge,
Date of publication, distribution, etc 2024.
300 ## - PHYSICAL DESCRIPTION
Extent xxvi, 654 p. :
Other physical details ill. ;
Dimensions 24 cm.
504 ## - BIBLIOGRAPHY, ETC. NOTE
Bibliography, etc Includes index.
520 ## - SUMMARY, ETC.
Summary, etc "Modern Recording Techniques is the bestselling, authoritative guide to sound and music recording. Whether you're just starting out or are looking to improve your skills, this book provides an in-depth guide to the art and technologies of music production and is a must-have reference for all audio bookshelves. Using its familiar and accessible writing style, this new edition has been fully updated, presenting the latest production technologies and including detailed coverage of DAWs, networked audio, MIDI, signal processing and much more. Modern Recording Techniques is supported by a host of video tutorials which provide additional listening and visual examples, making this text essential reading for students, instructors and professionals. This updated tenth edition includes: newly expanded "Art and Technology" chapters, providing more tips, tricks and insights for getting the best out of your recording, mixing, monitoring and mastering; an expanded MIDI chapter to include MIDI 2.0; more in-depth coverage of Digital audio and the Digital Audio Workstation; greater coverage of immersive audio, including Dolby Atmos Production"--Provided by publisher.
650 ## - SUBJECT ADDED ENTRY--TOPICAL TERM
Topical term or geographic name as entry element Sound
Form subdivision Recording and reproducing.
650 ## - SUBJECT ADDED ENTRY--TOPICAL TERM
Topical term or geographic name as entry element Magnetic recorders and recording.
650 ## - SUBJECT ADDED ENTRY--TOPICAL TERM
Topical term or geographic name as entry element Digital audiotape recorders and recording.
700 ## - ADDED ENTRY--PERSONAL NAME
Personal name Caballero, Emiliano,
Relator term author.
700 ## - ADDED ENTRY--PERSONAL NAME
Personal name Runstein, Robert E.,
Relator term author.
942 ## - ADDED ENTRY ELEMENTS (KOHA)
Source of classification or shelving scheme Library of Congress Classification
Koha item type Books
Holdings
Withdrawn status Lost status Source of classification or shelving scheme Damaged status Home library Current library Shelving location Date acquired Source of acquisition Sub Shelving location Total Checkouts Full call number Barcode Date last seen Price effective from Koha item type
    Library of Congress Classification   College Library College Library Reserve Section 10/17/2024 Library Fund     TK 881.4 .H83 2024 C23832 10/17/2024 10/17/2024 Books

Modern recording techniques :

APA

Huber D. M., Caballero E. & Runstein R. E. (2024). Modern recording techniques. New York, NY: Routledge.

Chicago

Huber David Miles, Caballero Emiliano and Runstein Robert E. 2024. Modern recording techniques. New York, NY: Routledge.

Harvard

Huber D. M., Caballero E. and Runstein R. E. (2024). Modern recording techniques. New York, NY: Routledge.

MLA

Huber David Miles, Caballero Emiliano and Runstein Robert E. Modern recording techniques. New York, NY: Routledge. 2024.

  • Place hold
  • Print
  • Cite
  • Add to your cart (remove)
  • Save record
    BIBTEX Dublin Core MARCXML MARC (non-Unicode/MARC-8) MARC (Unicode/UTF-8) MARC (Unicode/UTF-8, Standard) MODS (XML) RIS
  • More searches
    Search for this title in:
    Other Libraries (WorldCat) Other Databases (Google Scholar) Online Stores (Bookfinder.com) Open Library (openlibrary.org)

Exporting to Dublin Core...

SOUTHVILLE LIBRARY

Southville International School and Colleges Library

1281 Tropical Ave. Cor. Luxembourg St., BF Homes International, Las Pinas City

Tel. No. 8256374 / 252358 Loc. 117/146

Powered by Koha